[Event "Kouty nad Desnou op-B"]
[Site "Kouty nad Desnou"]
[Date "2011.03.19"]
[Round "9"]
[White "Skorepa, Jakub"]
[Black "Safr, Jan"]
[Result "0-1"]
[WhiteElo "1685"]
[BlackElo "1729"]
[PlyCount "78"]
[EventDate "2011.03.12"]
[EventType "swiss"]
[EventRounds "9"]
[EventCountry "CZE"]
[SourceTitle "EXT 2014"]
[Source "ChessBase"]
[SourceDate "2013.11.20"]
[SourceVersion "1"]
[SourceVersionDate "2013.11.20"]
[SourceQuality "1"]

1. e4 Nf6 2. e5 Nd5 3. d4 d6 4. f4 Nc6 5. Nf3 Bg4 6. Be2 g6 7. 0-0 Bh6 8. h3 Bxf3 9. Rxf3 dxe5 10. dxe5 Ndb4 11. c3 Qxd1+ 12. Bxd1 0-0-0 13. Bb3 Nd3 14. Na3 Nxc1 15. Rxc1 Nxe5 16. Rff1 Nd3 17. Rcd1 Nxf4 18. Kh2 Rxd1 19. Rxd1 f6 20. g3 Nh5 21. Be6+ Kb8 22. Rd7 Ng7 23. Rxe7 Nxe6 24. Rxe6 f5 25. h4 Kc8 26. Nc4 Kd7 27. Re1 Re8 28. Rd1+ Kc8 29. Kh3 b5 30. Na3 a6 31. c4 b4 32. Nc2 a5 33. Rd5 Re2 34. Nd4 Rxb2 35. Rxa5 Be3 36. Nf3 h5 37. Re5 f4 38. gxf4 Bxf4 39. Ra5 Rf2 0-1

[Event "Kouty nad Desnou op-B"]
[Site "Kouty nad Desnou"]
[Date "2011.03.16"]
[Round "6"]
[White "Safr, Jan"]
[Black "Bodicky, Michal"]
[Result "1-0"]
[WhiteElo "1729"]
[BlackElo "1732"]
[PlyCount "59"]
[EventDate "2011.03.12"]
[EventType "swiss"]
[EventRounds "9"]
[EventCountry "CZE"]
[SourceTitle "EXT 2014"]
[Source "ChessBase"]
[SourceDate "2013.11.20"]
[SourceVersion "1"]
[SourceVersionDate "2013.11.20"]
[SourceQuality "1"]

1. e4 e5 2. Bc4 Bc5 3. c3 Nc6 4. b4 Bb6 5. a4 a5 6. b5 Nce7 7. Qb3 Nh6 8. d4 Rf8 9. Bxh6 gxh6 10. Nf3 Ng6 11. dxe5 d6 12. exd6 Qxd6 13. 0-0 Bg4 14. Nbd2 0-0-0 15. Bxf7 Ne5 16. Nxe5 Qxe5 17. Nc4 Qf6 18. Nxb6+ cxb6 19. f3 Bh3 20. Bd5 Qg6 21. Qc4+ Kb8 22. Qe2 Rfe8 23. c4 h5 24. Kh1 Bc8 25. Rae1 h4 26. f4 Bg4 27. Qf2 h3 28. gxh3 Bxh3 29. f5 Qh6 30. Qf4+ 1-0

[Event "Kouty nad Desnou op-B"]
[Site "Kouty nad Desnou"]
[Date "2011.03.14"]
[Round "3"]
[White "Hanl, Frantisek"]
[Black "Safr, Jan"]
[Result "1/2-1/2"]
[WhiteElo "1628"]
[BlackElo "1729"]
[PlyCount "135"]
[EventDate "2011.03.12"]
[EventType "swiss"]
[EventRounds "9"]
[EventCountry "CZE"]
[SourceTitle "EXT 2014"]
[Source "ChessBase"]
[SourceDate "2013.11.20"]
[SourceVersion "1"]
[SourceVersionDate "2013.11.20"]
[SourceQuality "1"]

1. e4 d6 2. d4 f5 3. Bd3 fxe4 4. Bxe4 Nf6 5. Bd3 Nc6 6. Bg5 g6 7. c3 Bg7 8. Qc2 0-0 9. h4 Qe8 10. f3 e5 11. d5 Ne7 12. c4 Bf5 13. g4 Bxd3 14. Qxd3 e4 15. fxe4 Nxg4 16. Qh3 h5 17. Nc3 Nf2 18. Qe6+ Rf7 19. Rh2 Nd3+ 20. Kd2 Nxb2 21. Rf1 Nxc4+ 22. Kc2 Bxc3 23. Kxc3 Nxd5+ 24. Qxd5 Qe5+ 25. Qxe5 Nxe5 26. Rxf7 Nxf7 27. Nf3 Re8 28. Kd4 b5 29. Kd5 Nxg5 30. Nxg5 Re5+ 31. Kc6 Rc5+ 32. Kb7 a5 33. Ne6 Re5 34. Nxc7 b4 35. Kc6 Rxe4 36. Kxd6 a4 37. Kc5 b3 38. axb3 axb3 39. Nd5 Kg7 40. Nc3 Rg4 41. Nb5 Kf6 42. Kd5 Kf5 43. Nd4+ Kf4 44. Nxb3 Kg3 45. Rh1 Kg2 46. Rc1 Rxh4 47. Ke5 Rb4 48. Nd4 g5 49. Ne6 Rb5+ 50. Ke4 h4 51. Nxg5 Rxg5 52. Kf4 Rg8 53. Rc2+ Kh3 54. Rc1 Kh2 55. Kf3 h3 56. Rc7 Rg3+ 57. Kf2 Rg2+ 58. Kf3 Kh1 59. Rc1+ Rg1 60. Rc7 h2 61. Kf2 Ra1 62. Rg7 Ra2+ 63. Kf1 Ra1+ 64. Kf2 Rg1 65. Rb7 Rg2+ 66. Kf1 Rg8 67. Rf7 Rf8 68. Rxf8 1/2-1/2

[Event "Kouty nad Desnou op-B"]
[Site "Kouty nad Desnou"]
[Date "2011.03.13"]
[Round "2"]
[White "Safr, Jan"]
[Black "Hejna, Jana"]
[Result "1-0"]
[WhiteElo "1729"]
[BlackElo "1534"]
[PlyCount "79"]
[EventDate "2011.03.12"]
[EventType "swiss"]
[EventRounds "9"]
[EventCountry "CZE"]
[SourceTitle "EXT 2014"]
[Source "ChessBase"]
[SourceDate "2013.11.20"]
[SourceVersion "1"]
[SourceVersionDate "2013.11.20"]
[SourceQuality "1"]

1. h4 e5 2. e4 Nf6 3. Nc3 Nc6 4. g4 d5 5. exd5 Nxd5 6. Bc4 Nxc3 7. Qf3 Qf6 8. dxc3 Qxf3 9. Nxf3 Bxg4 10. Ng5 Bh5 11. f4 h6 12. Nh3 0-0-0 13. 0-0 Bc5+ 14. Kh1 e4 15. b4 Bb6 16. a4 e3 17. a5 e2 18. Re1 Rd1 19. Bb2 Be3 20. Kg2 Bd2 21. Bxe2 Rxe1 22. Bxh5 Rxa1 23. Bxa1 f6 24. Kf1 Ne7 25. Ke2 Rd8 26. Bb2 Kb8 27. b5 Nf5 28. Bg6 Nxh4 29. Bd3 Bxf4 30. Nxf4 g5 31. Nh5 Re8+ 32. Kf2 f5 33. Bc1 Kc8 34. Be3 b6 35. c4 bxa5 36. Bxa7 Kb7 37. Bd4 a4 38. Ng7 Re7 39. c5 Rd7 40. c6+ 1-0

[Event "Kouty nad Desnou op-B"]
[Site "Kouty nad Desnou"]
[Date "2010.03.07"]
[Round "2"]
[White "Safr, Jan"]
[Black "Lorenc, David"]
[Result "0-1"]
[WhiteElo "1607"]
[BlackElo "1538"]
[PlyCount "70"]
[EventDate "2010.03.06"]
[EventType "swiss"]
[EventRounds "9"]
[EventCountry "CZE"]
[SourceTitle "EXT 2012"]
[Source "ChessBase"]
[SourceDate "2011.11.24"]
[SourceVersion "1"]
[SourceVersionDate "2011.11.24"]
[SourceQuality "1"]

1. e4 c5 2. f4 d5 3. exd5 Qxd5 4. Nc3 Qd8 5. Bb5+ Bd7 6. Nf3 Nf6 7. d3 e6 8. Ne5 Bxb5 9. Nxb5 a6 10. Na3 Nd5 11. c4 Nb6 12. 0-0 Bd6 13. Qf3 Qe7 14. Ng4 Nc6 15. Nc2 h5 16. Nf2 0-0-0 17. Be3 Nd7 18. Ne4 Nf6 19. h3 h4 20. a3 Nh5 21. Rfd1 f5 22. Nxd6+ Qxd6 23. b4 cxb4 24. axb4 g5 25. b5 g4 26. hxg4 fxg4 27. Qxg4 Rdg8 28. Qe2 h3 29. Ne1 h2+ 30. Kf2 h1Q 31. bxa6 Qh4+ 32. Kg1 bxa6 33. Rxa6 Ng3 34. Ra8+ Nb8 35. Rb1 Nxe2+ 0-1

[Event "Harrachov op-B"]
[Site "Harrachov"]
[Date "2009.10.29"]
[Round "7"]
[White "Janis, Petr"]
[Black "Safr, Jan"]
[Result "0-1"]
[WhiteElo "1652"]
[BlackElo "1803"]
[PlyCount "72"]
[EventDate "2009.10.24"]
[EventType "swiss"]
[EventRounds "9"]
[EventCountry "CZE"]
[SourceTitle "EXT 2012"]
[Source "ChessBase"]
[SourceDate "2011.11.24"]
[SourceVersion "1"]
[SourceVersionDate "2011.11.24"]
[SourceQuality "1"]

1. e4 Nf6 2. Nc3 e5 3. f4 exf4 4. Nf3 d5 5. e5 Ne4 6. d4 Bb4 7. Bd2 Bg4 8. Nxe4 dxe4 9. Bxb4 Nc6 10. Ba3 Bxf3 11. gxf3 Qh4+ 12. Ke2 0-0-0 13. c3 exf3+ 14. Kxf3 Nxe5+ 15. dxe5 Qh5+ 16. Ke4 f5+ 17. exf6 Rhe8+ 18. Kxf4 Qe5+ 19. Kg4 h5+ 20. Kh3 Qf5+ 21. Kg2 Qg5+ 22. Kf2 Qxf6+ 23. Qf3 Rd2+ 24. Kg3 h4+ 25. Kg4 Qg6+ 26. Kf4 Re6 27. Bh3 Qh6+ 28. Kg4 Re5 29. Qf8+ Kd7 30. Qf7+ Kd8 31. Qf8+ Kd7 32. Qf7+ Kc6 33. Qc4+ Kb6 34. Qb4+ Rb5 35. Qe7 Qh5+ 36. Kf4 g5+ 0-1

[Event "Teplice op 4th"]
[Site "Teplice"]
[Date "2009.06.14"]
[Round "2"]
[White "Ledvina, Jiri"]
[Black "Safr, Jan"]
[Result "1-0"]
[WhiteElo "1951"]
[BlackElo "1631"]
[PlyCount "111"]
[EventDate "2009.06.13"]
[EventType "swiss"]
[EventRounds "9"]
[EventCountry "CZE"]
[SourceTitle "CBM 130 Extra"]
[Source "ChessBase"]
[SourceDate "2009.07.02"]
[SourceVersion "2"]
[SourceVersionDate "2009.07.15"]
[SourceQuality "1"]

1. d4 Nf6 2. Nf3 c5 3. g3 b6 4. Bg2 Bb7 5. 0-0 g6 6. Nc3 cxd4 7. Qxd4 Nc6 8. Qd1 Qc7 9. Re1 Bg7 10. Nb5 Qb8 11. c4 d6 12. Bf4 a6 13. Bxd6 exd6 14. Nxd6+ Ke7 15. Nxb7 Qxb7 16. Ne5 Rac8 17. Qa4 Ne4 18. Nxc6+ Qxc6 19. Qxc6 Rxc6 20. Bxe4 Rxc4 21. Bd3 Ra4 22. Reb1 a5 23. a3 Rc8 24. Ra2 Rc5 25. b3 Rd4 26. b4 axb4 27. axb4 Re5 28. Ra7+ Kf6 29. Rb7 Re6 30. f4 Bf8 31. b5 Bc5 32. Kg2 h6 33. Rf1 Red6 34. Rf3 Rb4 35. g4 Rdd4 36. g5+ hxg5 37. fxg5+ Kxg5 38. Rbxf7 Rg4+ 39. Rg3 Rxg3+ 40. hxg3 Kg4 41. Bxg6 Rxb5 42. Bf5+ Kg5 43. Bd3 Ra5 44. Kf3 Ra8 45. Rf5+ Kh6 46. Kg4 Ra4+ 47. Kh3 Ra1 48. Rf7 Kg5 49. Rg7+ Kf6 50. Rg6+ Ke5 51. Rg4 Rh1+ 52. Kg2 Rg1+ 53. Kh2 Rf1 54. Re4+ Kd5 55. Ra4 Bg1+ 56. Kg2 1-0

[Event "Karlovy Vary op"]
[Site "Karlovy Vary"]
[Date "2009.05.01"]
[Round "4"]
[White "Safr, Jan"]
[Black "Kacr, Zbynek"]
[Result "0-1"]
[WhiteElo "1631"]
[BlackElo "1644"]
[PlyCount "60"]
[EventDate "2009.04.29"]
[EventType "swiss"]
[EventRounds "7"]
[EventCountry "CZE"]
[SourceTitle "CBM 130 Extra"]
[Source "ChessBase"]
[SourceDate "2009.07.02"]
[SourceVersion "2"]
[SourceVersionDate "2009.07.15"]
[SourceQuality "1"]

1. Nf3 Nf6 2. c4 g6 3. b4 Bg7 4. Bb2 0-0 5. g3 c6 6. Bg2 d5 7. cxd5 cxd5 8. 0-0 Bf5 9. a3 Nbd7 10. d3 Re8 11. Nbd2 e5 12. Rc1 Qb6 13. Nh4 Be6 14. Rc2 Rac8 15. e4 d4 16. Nc4 Qc6 17. Qa1 b5 18. h3 bxc4 19. f4 c3 20. Bc1 Bb3 21. Rcf2 Qa6 22. fxe5 Nxe5 23. Bg5 Nh5 24. Kh2 Qxd3 25. g4 Nxg4+ 26. hxg4 Qg3+ 27. Kh1 Qxg4 28. Qc1 Ng3+ 29. Kg1 Nxf1 30. Rf4 Qxg5 0-1

[Event "Karlovy Vary op"]
[Site "Karlovy Vary"]
[Date "2009.04.30"]
[Round "3"]
[White "Novak, Rudolf"]
[Black "Safr, Jan"]
[Result "1/2-1/2"]
[WhiteElo "1366"]
[BlackElo "1631"]
[PlyCount "139"]
[EventDate "2009.04.29"]
[EventType "swiss"]
[EventRounds "7"]
[EventCountry "CZE"]
[SourceTitle "CBM 130 Extra"]
[Source "ChessBase"]
[SourceDate "2009.07.02"]
[SourceVersion "2"]
[SourceVersionDate "2009.07.15"]
[SourceQuality "1"]

1. Nf3 c5 2. c4 Nf6 3. Nc3 g6 4. g3 b6 5. Bg2 Bb7 6. 0-0 Bg7 7. e3 d6 8. d4 Nbd7 9. d5 0-0 10. Re1 Re8 11. e4 Nf8 12. Bg5 a6 13. a4 Qc7 14. Qd2 e6 15. Bxf6 Bxf6 16. e5 dxe5 17. d6 Qc6 18. Nh4 Qd7 19. Bxb7 Qxb7 20. Ng2 Rad8 21. Ne4 Bg7 22. Rad1 Rd7 23. b4 f5 24. Ng5 h6 25. Nh3 Red8 26. bxc5 bxc5 27. Rb1 Qc6 28. a5 Rxd6 29. Qc2 Rd3 30. Red1 Rxd1+ 31. Rxd1 Rb8 32. Rb1 Rb4 33. Kf1 e4 34. Nhf4 Rxb1+ 35. Qxb1 Qa4 36. Ne3 Qxa5 37. Qb8 Kh7 38. Qe8 Qb6 39. h4 a5 40. Qb5 Qa7 41. Qa4 e5 42. Ne2 Nd7 43. Nd5 Nb6 44. Nxb6 Qxb6 45. Qb5 Qc7 46. Nc3 f4 47. Nxe4 Bf8 48. Nf6+ Kh8 49. Qe8 Qe7 50. Qxg6 Qg7 51. Qf5 fxg3 52. fxg3 Bd6 53. Nh5 Qf8 54. Nf6 Qf7 55. g4 Be7 56. g5 hxg5 57. hxg5 Bxf6 58. gxf6 Kg8 59. Qc8+ Kh7 60. Qf5+ Qg6 61. Qxe5 Kg8 62. Qe6+ Qf7 63. Qc8+ Kh7 64. Qxc5 Qxf6+ 65. Ke2 Qb2+ 66. Kd3 a4 67. Qe7+ Kh6 68. Qf8+ Kg5 69. Qd8+ Kf4 70. Qc7+ 1/2-1/2

[Event "CZE-ch Juniors op-B"]
[Site "Kouty nad Desnou"]
[Date "2009.03.14"]
[Round "9"]
[White "Safr, Jan"]
[Black "Till, Jaroslav"]
[Result "0-1"]
[WhiteElo "1681"]
[BlackElo "1639"]
[PlyCount "78"]
[EventDate "2009.03.07"]
[EventType "swiss"]
[EventRounds "9"]
[EventCountry "CZE"]
[SourceTitle "EXT 2011"]
[Source "ChessBase"]
[SourceDate "2010.11.26"]
[SourceVersion "1"]
[SourceVersionDate "2010.11.26"]
[SourceQuality "1"]

1. e4 c6 2. d4 d5 3. e5 Bf5 4. g4 Bg6 5. f4 h6 6. Nf3 e6 7. Bd3 Bxd3 8. Qxd3 Bb4+ 9. Nbd2 Nd7 10. a3 Ba5 11. b4 Bb6 12. Nb3 Ne7 13. h4 a5 14. bxa5 Bxa5+ 15. Nxa5 Qxa5+ 16. Bd2 Qc7 17. Bb4 g6 18. Rb1 b5 19. Nd2 Nb6 20. Ke2 Nc4 21. Nb3 h5 22. gxh5 Rxh5 23. Rbg1 Nf5 24. Rg5 Ng7 25. Rhg1 0-0-0 26. Rxh5 Nxh5 27. Kf3 Rh8 28. Nd2 Ng7 29. Kg4 Nf5 30. Nf3 Qd8 31. Be1 Qf8 32. Bf2 Qxa3 33. Qxa3 Nxa3 34. Ra1 b4 35. c3 Kb7 36. cxb4 Nb5 37. Kg5 Nc7 38. Kf6 Rh7 39. Ng5 Ne8# 0-1

[Event "CZE-ch Juniors op-B"]
[Site "Kouty nad Desnou"]
[Date "2009.03.13"]
[Round "8"]
[White "Krasny, Drahomir"]
[Black "Safr, Jan"]
[Result "1-0"]
[WhiteElo "1628"]
[BlackElo "1681"]
[PlyCount "53"]
[EventDate "2009.03.07"]
[EventType "swiss"]
[EventRounds "9"]
[EventCountry "CZE"]
[SourceTitle "EXT 2011"]
[Source "ChessBase"]
[SourceDate "2010.11.26"]
[SourceVersion "1"]
[SourceVersionDate "2010.11.26"]
[SourceQuality "1"]

1. e4 Nf6 2. e5 Nd5 3. d4 d6 4. c4 Nb6 5. exd6 cxd6 6. Nc3 g6 7. Be3 Bg7 8. Rc1 Nc6 9. c5 dxc5 10. dxc5 Nd7 11. Bb5 Qa5 12. Nge2 a6 13. Bxc6 bxc6 14. Qa4 Qxa4 15. Nxa4 0-0 16. 0-0 Ne5 17. Rfd1 Be6 18. b3 Rfd8 19. Nb6 Rab8 20. Bf4 Kf8 21. Nd4 Bg4 22. f3 Rxd4 23. Rxd4 Nxf3+ 24. gxf3 Bxd4+ 25. Kg2 e5 26. fxg4 exf4 27. Nd7+ 1-0

[Event "CZE-ch Juniors op-B"]
[Site "Kouty nad Desnou"]
[Date "2009.03.12"]
[Round "7"]
[White "Safr, Jan"]
[Black "Starek, Stanislav"]
[Result "1-0"]
[WhiteElo "1681"]
[BlackElo "1294"]
[PlyCount "39"]
[EventDate "2009.03.07"]
[EventType "swiss"]
[EventRounds "9"]
[EventCountry "CZE"]
[SourceTitle "EXT 2011"]
[Source "ChessBase"]
[SourceDate "2010.11.26"]
[SourceVersion "1"]
[SourceVersionDate "2010.11.26"]
[SourceQuality "1"]

1. h4 Nc6 2. b3 d5 3. Bb2 e5 4. Nf3 d4 5. e3 Bg4 6. Be2 dxe3 7. fxe3 Bxf3 8. Bxf3 Nge7 9. Nc3 g6 10. h5 g5 11. Ne4 Nd5 12. a3 h6 13. c4 Nf6 14. 0-0 Bg7 15. Nxf6+ Bxf6 16. Bxc6+ bxc6 17. Qf3 Qxd2 18. Qxc6+ Kf8 19. Qxa8+ Bd8 20. Qf3 1-0

[Event "Usti nad Labem op"]
[Site "Usti nad Labem"]
[Date "2009.??.??"]
[Round "6"]
[White "Bazantova, Marie"]
[Black "Safr, Jan"]
[Result "1-0"]
[WhiteElo "2005"]
[BlackElo "1615"]
[PlyCount "75"]
[EventDate "2009.??.??"]
[EventType "swiss"]
[EventRounds "7"]
[EventCountry "CZE"]
[SourceTitle "EXT 2011"]
[Source "ChessBase"]
[SourceDate "2010.11.26"]
[SourceVersion "1"]
[SourceVersionDate "2010.11.26"]
[SourceQuality "1"]

1. e4 Nf6 2. e5 Nd5 3. b3 g6 4. Bb2 Bg7 5. c4 Nb6 6. Qf3 d6 7. e6 f6 8. Qe3 c5 9. a4 a5 10. Nc3 Na6 11. Nb5 Nb4 12. 0-0-0 d5 13. Qxc5 Nc6 14. cxd5 Nxd5 15. Qxd5 Qb6 16. Nf3 0-0 17. Bd4 Nxd4 18. Qxd4 Qc6+ 19. Qc4 Qxe6 20. Nfd4 Qxc4+ 21. Bxc4+ Kh8 22. Nc7 Rb8 23. Nde6 Bxe6 24. Nxe6 Rfc8 25. Kb2 Bh6 26. f4 Rc6 27. g4 Rd6 28. Rhe1 Re8 29. g5 fxg5 30. fxg5 Bg7+ 31. Nxg7 Kxg7 32. Bb5 Red8 33. Rxe7+ Kg8 34. d3 b6 35. Rf1 Rd4 36. Rff7 Rh4 37. Bc4 Rxh2+ 38. Rf2+ 1-0

[Event "Sec Almed op"]
[Site "Sec u Chrudimi"]
[Date "2008.10.26"]
[Round "2"]
[White "Schaffer, David"]
[Black "Safr, Jan"]
[Result "1-0"]
[WhiteElo "1418"]
[BlackElo "1686"]
[PlyCount "117"]
[EventDate "2008.10.25"]
[EventType "swiss"]
[EventRounds "9"]
[EventCountry "CZE"]
[SourceTitle "EXT 2022"]
[Source "ChessBase"]
[SourceDate "2021.10.06"]
[SourceVersion "1"]
[SourceVersionDate "2021.10.06"]
[SourceQuality "1"]

1. e4 f5 2. Nc3 e5 3. d4 exd4 4. Qxd4 Nc6 5. Qd1 fxe4 6. Nxe4 Nf6 7. Qe2 Nxe4 8. Qxe4+ Qe7 9. Qxe7+ Bxe7 10. Bf4 Nb4 11. 0-0-0 Rf8 12. Bxc7 Rxf2 13. c3 Nd5 14. Bg3 Bg5+ 15. Kb1 Ne3 16. Re1 Rxf1 17. Nf3 Rxh1 18. Rxh1 Bh6 19. Re1 Kd8 20. Ne5 d5 21. Nf7+ Kd7 22. Nxh6 Nxg2 23. Re2 gxh6 24. Rxg2 Kc6 25. Bf4 Bf5+ 26. Kc1 Be4 27. Rg7 Rf8 28. Rg4 h5 29. Rh4 Bf3 30. Kd2 Bg4 31. Bg3 Rf3 32. Kc2 Kc5 33. b3 a5 34. Be5 Rf2+ 35. Kb1 Re2 36. Bd4+ Kb5 37. a4+ Kc6 38. Bf6 b5 39. axb5+ Kxb5 40. Kc1 a4 41. bxa4+ Kxa4 42. h3 Rh2 43. hxg4 Rxh4 44. Bxh4 hxg4 45. Kd2 Kb5 46. Kd3 Kc5 47. Bf2+ Kd6 48. Kd4 h5 49. Bg3+ Ke6 50. Kc5 Kf5 51. Kxd5 Kg5 52. c4 h4 53. Bd6 g3 54. c5 Kf6 55. c6 g2 56. Bc5 h3 57. Bg1 h2 58. Bxh2 Ke7 59. Kc5 1-0

[Event "Teplice op 3rd"]
[Site "Teplice"]
[Date "2008.06.21"]
[Round "8"]
[White "Safr, Jan"]
[Black "Kaluzny, Michal"]
[Result "0-1"]
[WhiteElo "1402"]
[BlackElo "1717"]
[PlyCount "80"]
[EventDate "2008.06.14"]
[EventType "swiss"]
[EventRounds "9"]
[EventCountry "CZE"]
[SourceTitle "CBM 125 Extra"]
[Source "ChessBase"]
[SourceDate "2008.09.01"]
[SourceVersion "1"]
[SourceVersionDate "2008.09.01"]
[SourceQuality "1"]

1. Nf3 Nf6 2. c4 e6 3. g3 d5 4. Bg2 dxc4 5. Qa4+ Bd7 6. Qxc4 Nc6 7. b3 Bd6 8. Bb2 Qe7 9. 0-0 0-0 10. e4 e5 11. d4 b5 12. Qc3 Nxe4 13. Qe3 f5 14. Re1 Rae8 15. Nbd2 Nxd2 16. Nxd2 exd4 17. Qxe7 Rxe7 18. Bxc6 Rxe1+ 19. Rxe1 Bxc6 20. Bxd4 a6 21. f4 Rd8 22. Be3 Bb4 23. Re2 Rd3 24. Kf2 Kf7 25. Nf3 Bxf3 26. Kxf3 Bc5 27. Kf2 Rxe3 28. Rxe3 Bxe3+ 29. Kxe3 c5 30. Kd3 Ke6 31. Kc3 Kd5 32. Kd3 c4+ 33. bxc4+ bxc4+ 34. Kc3 a5 35. Kc2 Kd4 36. Kd2 c3+ 37. Kc2 Kc4 38. h3 h5 39. Kc1 Kd3 40. Kd1 c2+ 0-1

[Event "Teplice op 3rd"]
[Site "Teplice"]
[Date "2008.06.20"]
[Round "7"]
[White "Steinhauser, Vaclav"]
[Black "Safr, Jan"]
[Result "0-1"]
[WhiteElo "1393"]
[BlackElo "1402"]
[PlyCount "64"]
[EventDate "2008.06.14"]
[EventType "swiss"]
[EventRounds "9"]
[EventCountry "CZE"]
[SourceTitle "CBM 125 Extra"]
[Source "ChessBase"]
[SourceDate "2008.09.01"]
[SourceVersion "1"]
[SourceVersionDate "2008.09.01"]
[SourceQuality "1"]

1. e4 c5 2. Nf3 d6 3. d4 cxd4 4. Nxd4 Nf6 5. Nc3 g6 6. Be3 Bg7 7. Bc4 0-0 8. f3 Nc6 9. Qd2 Re8 10. Bh6 Bh8 11. 0-0-0 Bd7 12. Nxc6 bxc6 13. g4 Qb6 14. h4 Reb8 15. b3 Qb4 16. Nb1 Qc5 17. g5 Ne8 18. Qf4 e6 19. h5 Be5 20. Qd2 a5 21. hxg6 fxg6 22. f4 Bh8 23. Nc3 Qa3+ 24. Kb1 a4 25. e5 axb3 26. Bxb3 Bc8 27. Rh3 d5 28. Rd3 Nc7 29. Rd4 Nb5 30. Nxb5 Rxb5 31. Qc3 c5 32. R4d2 c4 0-1

[Event "Teplice op 3rd"]
[Site "Teplice"]
[Date "2008.06.17"]
[Round "4"]
[White "Safr, Jan"]
[Black "Hruby, Vaclav"]
[Result "0-1"]
[WhiteElo "1402"]
[BlackElo "1844"]
[PlyCount "132"]
[EventDate "2008.06.14"]
[EventType "swiss"]
[EventRounds "9"]
[EventCountry "CZE"]
[SourceTitle "CBM 125 Extra"]
[Source "ChessBase"]
[SourceDate "2008.09.01"]
[SourceVersion "1"]
[SourceVersionDate "2008.09.01"]
[SourceQuality "1"]

1. Nf3 d5 2. c4 c6 3. b3 Nf6 4. Bb2 e6 5. g3 Be7 6. Bg2 0-0 7. d3 dxc4 8. bxc4 Nbd7 9. 0-0 Qc7 10. Nbd2 Rd8 11. Rc1 c5 12. Rc2 Rb8 13. Qa1 b6 14. Ne5 Bb7 15. f3 Ne8 16. Nxd7 Rxd7 17. Ne4 Bxe4 18. fxe4 Bf6 19. Bxf6 Nxf6 20. Rcc1 Rbd8 21. Rf4 Rd4 22. Rcf1 R8d7 23. Qe1 Qe5 24. g4 h6 25. h4 R4d6 26. Qg3 Qd4+ 27. Kh2 Re7 28. Bh1 Rdd7 29. g5 Nh5 30. Qg2 Nxf4 31. Rxf4 Qe5 32. Qg4 hxg5 33. hxg5 g6 34. Kg3 Qd4 35. Qh3 Qe3+ 36. Bf3 Qg1+ 37. Bg2 Qe3+ 38. Rf3 Qxg5+ 39. Kf2 Kg7 40. Rg3 Qe5 41. Qh4 Qf6+ 42. Qxf6+ Kxf6 43. Ke3 e5 44. Rf3+ Kg7 45. Rg3 Rd8 46. Kd2 Rh8 47. Bh3 Rh4 48. Kc2 f6 49. Kb3 Re8 50. Ka4 Reh8 51. Bg4 Rh1 52. Kb5 Ra1 53. a4 Rhh1 54. Bd7 Ra2 55. Ka6 Rxe2 56. Kxa7 Rb2 57. Bb5 Ra1 58. Kxb6 Rxa4 59. Kc6 Ra3 60. Kxc5 Rbb3 61. Kc6 Rxd3 62. Rxd3 Rxd3 63. c5 Rc3 64. Kb6 f5 65. exf5 gxf5 66. c6 e4 0-1

[Event "Teplice op 3rd"]
[Site "Teplice"]
[Date "2008.06.15"]
[Round "2"]
[White "Safr, Jan"]
[Black "Slivova, Veronika"]
[Result "1-0"]
[WhiteElo "1402"]
[BlackElo "1468"]
[PlyCount "91"]
[EventDate "2008.06.14"]
[EventType "swiss"]
[EventRounds "9"]
[EventCountry "CZE"]
[SourceTitle "CBM 125 Extra"]
[Source "ChessBase"]
[SourceDate "2008.09.01"]
[SourceVersion "1"]
[SourceVersionDate "2008.09.01"]
[SourceQuality "1"]

1. Nf3 d5 2. c4 e6 3. b3 Nf6 4. g3 Be7 5. Bg2 c5 6. d4 0-0 7. Bb2 Nbd7 8. 0-0 Qc7 9. Nbd2 b6 10. Rc1 dxc4 11. Rxc4 Ba6 12. Rc2 Qd8 13. Ne5 Rc8 14. Nc6 Qe8 15. Nxa7 Rc7 16. Nc6 Bb7 17. Nxe7+ Qxe7 18. f3 Ra8 19. a4 Rac8 20. e4 cxd4 21. Rxc7 Rxc7 22. Bxd4 e5 23. Be3 Nc5 24. Nc4 Rd7 25. Qc2 Rc7 26. Rc1 Ne8 27. Nxb6 Nxa4 28. Qd2 Nxb6 29. Bxb6 Rd7 30. Qc3 Qe6 31. Ba5 Nd6 32. b4 h6 33. Bf1 Nc8 34. b5 Kh8 35. Kg2 f5 36. Bc4 Qg6 37. exf5 Qxf5 38. Rf1 e4 39. fxe4 Bxe4+ 40. Kg1 Qc5+ 41. Rf2 Rd1+ 42. Bf1 Qxc3 43. Bxc3 Nd6 44. Rd2 Rxd2 45. Bxd2 Nxb5 46. Bxb5 1-0

[Event "CZE-ch Juniors op-B"]
[Site "Sec u Chrudimi"]
[Date "2008.03.14"]
[Round "8"]
[White "Slampa, Jan"]
[Black "Safr, Jan"]
[Result "1-0"]
[WhiteElo "1488"]
[BlackElo "1676"]
[PlyCount "67"]
[EventDate "2008.03.08"]
[EventType "swiss"]
[EventRounds "9"]
[EventCountry "CZE"]
[SourceTitle "EXT 2009"]
[Source "ChessBase"]
[SourceDate "2008.11.26"]
[SourceVersion "1"]
[SourceVersionDate "2008.11.26"]
[SourceQuality "1"]

1. e4 f5 2. exf5 Nf6 3. Nc3 d5 4. d4 Bxf5 5. Bf4 e6 6. Bd3 Bg4 7. f3 Nh5 8. Bxc7 Qxc7 9. fxg4 Ng3 10. hxg3 Qxg3+ 11. Kf1 Bd6 12. Qe2 Rf8+ 13. Nf3 Kd7 14. Kg1 e5 15. Bf5+ Kc6 16. Qb5+ Kc7 17. Nxd5+ Kd8 18. dxe5 g6 19. Rd1 gxf5 20. Nf4 Qxf4 21. Rxd6+ Kc8 22. Qc5+ Nc6 23. Rxc6+ bxc6 24. Qxc6+ Kb8 25. Qd6+ Kc8 26. Qxf8+ Kb7 27. Rxh7+ Kb6 28. Qd6+ Ka5 29. Qc5+ Ka6 30. b4 Qc1+ 31. Kh2 Qf4+ 32. g3 Qxg3+ 33. Kxg3 f4+ 34. Kf2 1-0

[Event "CZE-ch Juniors op-B"]
[Site "Sec u Chrudimi"]
[Date "2008.03.13"]
[Round "7"]
[White "Safr, Jan"]
[Black "Jodl, Daniel"]
[Result "1-0"]
[WhiteElo "1676"]
[BlackElo "1695"]
[PlyCount "59"]
[EventDate "2008.03.08"]
[EventType "swiss"]
[EventRounds "9"]
[EventCountry "CZE"]
[SourceTitle "EXT 2009"]
[Source "ChessBase"]
[SourceDate "2008.11.26"]
[SourceVersion "1"]
[SourceVersionDate "2008.11.26"]
[SourceQuality "1"]

1. h4 e5 2. e4 Nf6 3. d3 Bc5 4. f3 d5 5. Nc3 Nc6 6. Bg5 dxe4 7. Nxe4 Nxe4 8. dxe4 Qd4 9. Qxd4 Nxd4 10. 0-0-0 h6 11. Bd2 Bd7 12. Ne2 0-0-0 13. Nxd4 Bxd4 14. Bc4 f5 15. exf5 Bxf5 16. g4 Bd7 17. c3 Bb6 18. g5 h5 19. Rde1 Bc6 20. Rhf1 Rhf8 21. g6 Rxf3 22. Rxf3 Bxf3 23. Rxe5 c6 24. Re7 Rf8 25. Be6+ Kb8 26. Rxg7 Be4 27. Bf7 Bd8 28. Rh7 Bd3 29. Bf4+ Ka8 30. g7 1-0

[Event "CZE-ch Juniors op-B"]
[Site "Sec u Chrudimi"]
[Date "2008.03.12"]
[Round "6"]
[White "Kotrba, Matej"]
[Black "Safr, Jan"]
[Result "1-0"]
[WhiteElo "1567"]
[BlackElo "1676"]
[PlyCount "31"]
[EventDate "2008.03.08"]
[EventType "swiss"]
[EventRounds "9"]
[EventCountry "CZE"]
[SourceTitle "EXT 2009"]
[Source "ChessBase"]
[SourceDate "2008.11.26"]
[SourceVersion "1"]
[SourceVersionDate "2008.11.26"]
[SourceQuality "1"]

1. Nf3 b6 2. d4 Bb7 3. c4 c5 4. d5 e6 5. e4 exd5 6. cxd5 Nf6 7. Nc3 d6 8. Bb5+ Nbd7 9. Bg5 Be7 10. e5 dxe5 11. d6 Bxf3 12. dxe7 Qxe7 13. Qxf3 e4 14. Qf5 0-0-0 15. Ba6+ Kb8 16. Bf4+ 1-0